Normal view MARC view
  • Rice, Elmer,

Entry Personal Name

Number of records used in: 1

001 - CONTROL NUMBER

  • control field: 153731

003 - CONTROL NUMBER IDENTIFIER

  • control field: DLC

005 - DATE AND TIME OF LATEST TRANSACTION

  • control field: 20260416133324.0

008 - FIXED-LENGTH DATA ELEMENTS

  • fixed length control field: 920521n| azannaabn |a aaa

010 ## - LIBRARY OF CONGRESS CONTROL NUMBER

  • LC control number: n 92055304

035 ## - SYSTEM CONTROL NUMBER

  • System control number: (OCoLC)oca03176118

040 ## - CATALOGING SOURCE

  • Original cataloging agency: DLC
  • Language of cataloging: eng
  • Description conventions: rda
  • Transcribing agency: DLC
  • Modifying agency: GU
  • Modifying agency: OCoLC
  • Modifying agency: DLC
  • Modifying agency: UPB-Mu
  • Modifying agency: DLC
  • Modifying agency: ICU
  • Modifying agency: DLC
  • Modifying agency: InU

046 ## - SPECIAL CODED DATES

  • Birth date: 1892-09-28
  • Death date: 196705-08
  • Source of date scheme: edtf

053 #0 - LC CLASSIFICATION NUMBER

  • Classification number element--single number or beginning number of span: PS3535.I224

100 1# - HEADING--PERSONAL NAME

  • Personal name: Rice, Elmer,
  • Dates associated with a name: 1892-1967

370 ## - ASSOCIATED PLACE

  • Place of birth: New York (N.Y.)
  • Place of death: Southampton (England)
  • Associated country: United States
  • Source of term: naf

372 ## - FIELD OF ACTIVITY

  • Field of activity: Playwriting
  • Source of term: lcsh

374 ## - OCCUPATION

  • Occupation: Playwrights
  • Source of term: lcdgt

378 ## - FULLER FORM OF PERSONAL NAME

  • Fuller form of personal name: Elmer Leopold

400 1# - SEE FROM TRACING--PERSONAL NAME

  • Control subfield: nnaa
  • Personal name: Rice, Elmer L.,
  • Dates associated with a name: 1892-1967

400 1# - SEE FROM TRACING--PERSONAL NAME

  • Personal name: Rice, Elmer L.
  • Fuller form of name: (Elmer Leopold),
  • Dates associated with a name: 1892-1967

400 1# - SEE FROM TRACING--PERSONAL NAME

  • Personal name: Reizenstein, Elmer L.
  • Fuller form of name: (Elmer Leopold),
  • Dates associated with a name: 1892-1967

670 ## - SOURCE DATA FOUND

  • Source citation: NUCMC data from Columbia Univ. Libraries, Bakhmeteff Archives (New York, N.Y.) for Dolléans, L. Papers, 1935-1939
  • Information found: (Elmer Rice; Elmer L. Rice; b. 1892; d. 1967)

670 ## - SOURCE DATA FOUND

  • Source citation: LC data base, 05-21-92
  • Information found: (hdg.: Rice, Elmer L., 1892-1967; usage: Elmer Rice)

670 ## - SOURCE DATA FOUND

  • Source citation: Bio. and gen. master ind., c1980:
  • Information found: v. 6, p. 366 (gives entries predominantly under form Rice, Elmer, 1892-1967; also has listings under Rice, Elmer L., 1892- and Rice, Elmer Leopold, 1892-1967)

670 ## - SOURCE DATA FOUND

  • Source citation: The Playwrights' Company present ... Abe Lincoln in Illinois, 1938 or 1939:
  • Information found: p. 12 (The Playwrights' Company, consisting of the playwrights Maxwell Anderson, S.N. Behrman, Sidney Howard, Elmer Rice, and Robert E. Sherwood, formed as their own producing company)

670 ## - SOURCE DATA FOUND

  • Source citation: On trial, 1915
  • Information found: DLC copy theater program, Geo. M. Cohan's Grand Opera House, Chicago performance (a new play, entitled On Trial by Elmer L. Reizenstein)

670 ## - SOURCE DATA FOUND

  • Source citation: Wikipedia, Apr. 22, 2024
  • Information found: (Elmer Rice; b. Sep. 28, 1892 in New York, N.Y.; d. May 8, 1967 in Southampton, Hampshire, Eng.; American playwright)
Devinim Yazılım Eğitim Danışmanlık tarafından Koha'nın orjinal sürümü uyarlanarak geliştirilip kurulmuştur.